ՀՀ Գիտությունների ազգային ակադեմիայի հիմնարար գիտական գրադարան  =   Fundamental Scientific Library of NAS RA

Малогабаритный твердосплавный режущий инструмент / (Record no. 520558)

MARC details
000 -LEADER
fixed length control field 00805nam a2200229 a 4500
003 - CONTROL NUMBER IDENTIFIER
control field AM-YEHGA
001 - CONTROL NUMBER
control field 1690143
005 - DATE AND TIME OF LATEST TRANSACTION
control field 20250617164245.0
008 - FIXED-LENGTH DATA ELEMENTS--GENERAL INFORMATION
fixed length control field 200206s1962 ru a||||r|||||000|0|rus||
040 ## - CATALOGING SOURCE
Original cataloging agency AM-YeHGA
041 0# - LANGUAGE CODE
Language code of text/sound track or separate title rus
090 ## - LOCALLY ASSIGNED LC-TYPE CALL NUMBER (OCLC); LOCAL CALL NUMBER (RLIN)
-- 524129
100 1# - MAIN ENTRY--PERSONAL NAME
Personal name Бродский, Абрам Моисеевич
245 10 - TITLE STATEMENT
Title Малогабаритный твердосплавный режущий инструмент /
Statement of responsibility, etc. А.М. Бродский
260 ## - PUBLICATION, DISTRIBUTION, ETC.
Place of publication, distribution, etc. Куйбышев :
Name of publisher, distributor, etc. Кн. изд-во,
Date of publication, distribution, etc. 1962.
300 ## - PHYSICAL DESCRIPTION
Extent 51 с. :
Other physical details ил. ;
Dimensions 20 см.
650 14 - SUBJECT ADDED ENTRY--TOPICAL TERM
Topical term or geographic name entry element Техника
650 14 - SUBJECT ADDED ENTRY--TOPICAL TERM
Topical term or geographic name entry element Машиностроение
650 14 - SUBJECT ADDED ENTRY--TOPICAL TERM
Topical term or geographic name entry element Обработка резанием
650 14 - SUBJECT ADDED ENTRY--TOPICAL TERM
Topical term or geographic name entry element Режущие инструменты из твердых сплавов
942 ## - ADDED ENTRY ELEMENTS (KOHA)
Source of classification or shelving scheme Universal Decimal Classification
Koha item type Գրքեր / Books
Holdings
Withdrawn status Lost status Damaged status Not for loan Collection Home library Current library Date acquired Total checkouts Full call number Barcode Date last seen Price effective from Koha item type Public note
        General Fundamental Scientific Library Fundamental Scientific Library 09/11/2021   РII/66602 FL0665281 09/11/2021 09/11/2021 Գրքեր / Books 30 Days Loan


ՀՀ ԳԱԱ հիմնարար գիտական գրադարան
ՀՀ,Երևան 0019
Մարշալ Բաղրամյան 24/6
հեռախոս:(374-10) 52-47-50
Հետադարձ կապ

All site content, except where otherwise noted, is licensed under a
Creative Commons License